| 000 | 00524nam a2200193Ia 4500 | ||
|---|---|---|---|
| 008 | 240510s9999 xx 000 0 und d | ||
| 020 | _a0003540410104 | ||
| 041 | _aEng | ||
| 082 | _a004 | ||
| 082 | _bR21 | ||
| 100 | _aDongarra, J (et. al) | ||
| 245 | 0 | _aRecent Advances in Parallel Virtual Machine and Message Passing Interface : lecture notes in computer science:Proceedings | |
| 260 | _bSpringer: Tokyo | ||
| 260 | _c2000 | ||
| 300 | _a364 p. | ||
| 650 | _aCOMPUTER SCIENCE : | ||
| 942 | _2ddc | ||
| 942 | _cRBK | ||
| 999 |
_c27365 _d27365 |
||
| 945 |
_a1 _bMadushi Gamage _c1 _dMadushi Gamage |
||